Pokemon TCGP - Extension Puissance Génétique - Statistiques

Statistiques générales
  • Ce quiz a été pris 18 fois
  • Le résultat moyen est 181 sur 210
Statistiques - réponses
Type de quiz Rareté(s) Catégorie Réponse % Correct
Eau Rare - Ex - Full Art - Full Art Arc-en-ciel Pokémon Glaciaire Artikodin
100%
Plante Commune Pokémon Insectopic Aspicot
100%
Plante Commune - Illustration Pokémon Graine Bulbizarre
100%
Feu Commune Pokémon Chiot Caninos
100%
Eau Peu Commune Pokémon Tortue Carabaffe
100%
Eau Commune - Illustration Pokémon Minitortue Carapuce
100%
Plante Commune Pokémon Ver Chenipan
100%
Plante Commune Pokémon Cocon Coconfort
100%
Feu Rare - Ex - Full Art - Immersive - Gold Pokémon Flamme Dracaufeu
100%
Dragon Peu Commune Pokémon Dragon Draco
100%
Dragon Rare - Illustration Pokémon Dragon Dracolosse
100%
Electric Rare - Ex - Full Art - Full Art Arc-en-ciel Pokémon Electrique Electhor
100%
Plante Rare - EX - Full Art Pokémon Graine Florizarre
100%
Feu Peu Commune - Illustration Pokémon Cheval Feu Galopa
100%
Normal Commune - Ex - Full Art - Full Art Arc-en-ciel Pokémon Bouboule Grodoudou
100%
Plante Peu Commune Pokémon Graine Herbizarre
100%
Combat Commune Pokémon Colosse Machoc
100%
Combat Peu Commune Pokémon Colosse Machopeur
100%
Combat Rare - Ex - Full Art - Full Art Arc-en-ciel Pokémon Colosse Mackogneur
100%
Feu Commune Pokémon Crache-Feu Magmar
100%
Electric Commune Pokémon Magnétique Magneti
100%
Electric Rare Pokémon Magnétique Magneton
100%
Psy Immersive Pokémon Nouveau Mew
100%
Psy Rare - Ex - Full Art - Immersive - Gold Pokémon Génétique Mewtwo
100%
Dragon Commune Pokémon Dragon Minidraco
100%
Supporter Peu Commune - Full Art Dresseur Eau Ondine
100%
Plante Rare Pokémon Papillon Papilusion
100%
Supporter Peu Commune - Full Art Dresseur Combat Pierre
100%
Electric Commune - Ex - Full Art - Immersive - Gold Pokémon Souris Pikachu
100%
Feu Commune Pokémon Cheval Feu Ponyta
100%
Normal Rare Pokémon Fossile Ptéra
100%
Eau Commune Pokémon Tétard Ptitard
100%
Electric Rare Pokémon Souris Raichu
100%
Feu Peu Commune Pokémon Flamme Reptincel
100%
Normal Commune Pokémon Bouboule Rondoudou
100%
Feu Commune - Illustration Pokémon Lézard Salamèche
100%
Eau Commune Pokémon Etoile Stari
100%
Eau Peu Commune - Ex - Full Art Pokémon Mystérieux Staross
100%
Eau Rare Pokémon Tétard Tartard
100%
Eau Peu Commune Pokémon Tétard Tetarte
100%
Eau Rare - Ex - Full Art Pokémon Carapace Tortank
100%
Electric Commune Pokémon Balle Voltorbe
100%
Obscur Commune Pokémon Serpent Abo
92%
Eau Peu Commune Pokémon Canard Akwakwak
92%
Psy Rare - Illustration Pokémon Psy Alakazam
92%
Eau Rare Pokémon Spirale Amonistar
92%
Eau Peu Commune Pokémon Spirale Amonita
92%
Eau Rare Pokémon Bulleur Aquali
92%
Obscur Peu Commune Pokémon Cobra Arbok
92%
Feu Rare - Ex - Full Art Pokémon Légendaire Arcanin
92%
Plante Peu Commune Pokémon Carnivore Boustiflor
92%
Plante Commune Pokémon Fleur Chetiflor
92%
Normal Commune Pokémon Chinchilla Chinchidou
92%
Psy Commune Pokémon Chovsouris Chovsourir
92%
Plante Commune Pokémon Cocon Chrysacier
92%
Combat Peu Commune Pokémon Porsinge Colossinge
92%
Eau Commune Pokémon Oiseaudo Couaneton
92%
Plante Rare Pokémon Guépoison Dardargnan
92%
Normal Commune Pokémon Duoiseau Doduo
92%
Psy Rare - Ex - Full Art - Full Art Arc-en-ciel Pokémon Ombre Ectoplasma
92%
Electric Peu Commune - Illustration Pokémon Balle Electrode
92%
Electric Commune Pokémon Electrique Elektek
92%
Plante Rare Pokémon Carnivore Empiflor
92%
Normal Commune - Illustration Pokémon Evolutif Evoli
92%
Normal Peu Commune Pokémon Lécheur Excelangue
92%
Combat Commune Pokémon Porsinge Férossinge
92%
Feu Peu Commune Pokémon Renard Feunard
92%
Supporter Peu Commune - Full Art Dresseur Dégâts Giovanni
92%
Feu Commune Pokémon Renard Goupix
92%
Combat Peu Commune Pokémon Roche Gravalanch
92%
Obscur Rare Pokémon Degueu Grotadmorv
92%
Psy Rare Pokémon Hypnose Hypnomade
92%
Combat Peu Commune Pokémon Carapace Kabuto
92%
Combat Rare Pokémon Carapace Kabutops
92%
Psy Peu Commune Pokémon Psy Kadabra
92%
Combat Commune Pokémon Latteur Kicklee
92%
Eau Peu Commune Pokémon Pince Krabboss
92%
Eau Commune Pokémon Doux Crabe Krabby
92%
Eau Peu Commune Pokémon Otarie Lamantine
92%
Eau Rare - Illustration Pokémon Terrifiant Leviator
92%
Psy Commune Pokemon Humanoïde Lippoutou
92%
Eau Commune Pokémon Poisson Magicarpe
92%
Normal Rare - Illustration Pokémon Morphing Metamorph
92%
Normal Commune - Illustration Pokémon Chadégout Miaouss
92%
Acier Commune Pokémon Trompeur Mysdibule
92%
Plante Commune Pokémon Racine Mystherbe
92%
Plante Rare - Ex - Full Art Pokémon Fruitpalm Noadkoko
92%
Plante Commune Pokémon Oeuf Noeunoeuf
92%
Obscur Peu Commune - Illustration Pokémon Chovsouris Nosferalto
92%
Obscur Commune Pokémon Chovsouris Nosferapti
92%
Combat Peu Commune Pokémon Serpenroc Onix
92%
Combat Peu Commune - Ex - Full Art Pokémon Gard'Os Ossatueur
92%
Combat Commune - Illustration Pokémon Solitaire Osselait
92%
Eau Commune Pokémon Otarie Otaria
92%
Normal Peu Commune Pokémon Chadeville Persian
92%
Eau Commune Pokémon Canard Psykokwak
92%
Feu Rare Pokémon Flamme Pyroli
92%
Combat Commune Pokémon Roche Racaillou
92%
Plante Rare Pokémon Fleur Rafflesia
92%
Normal Commune Pokémon Souris Rattata
92%
Normal Commune Pokémon Souris Rattatac
92%
Normal Rare - Illustration Pokémon Pionceur Ronflex
92%
Normal Rare - Illustration Pokémon Oiseau Roucarnage
92%
Normal Peu Commune Pokémon Oiseau Roucoups
92%
Obscur Commune Pokémon Gaz Mortel Smogo
92%
Obscur Rare - Illustration Pokémon Gaz Mortel Smogogo
92%
Psy Commune Pokémon Hypnose Soporifik
92%
Feu Rare - Ex - Full Art - Full Art Arc-en-ciel Pokémon Flamme Sulfura
92%
Obscur Commune Pokémon Degueu Tadmorv
92%
Normal Peu Commune Pokémon Buffle Tauros
92%
Combat Commune Pokémon Puncheur Tygnon
92%
Electric Rare Pokémon Orage Voltali
92%
Electric Peu Commune Pokémon Oursin Wattapik
92%
Plante Peu Commune Pokémon Papipoison Aeromite
85%
Feu Commune Pokémon Tamanoir Aflamanoir
85%
Eau Rare Pokémon Ninja Amphinobi
85%
Normal Commune Pokémon Canard Fou Canarticho
85%
Eau Peu Commune Pokémon Crapobulle Croaporal
85%
Normal Peu Commune Pokémon Trioiseau Dodrio
85%
Psy Commune Pokémon Gaz Fantominus
85%
Psy Rare Pokémon Etreinte Gardevoir
85%
Eau Commune Pokémon Crapobulle Grenousse
85%
Combat Rare Pokémon Titanesque Grolem
85%
Normal Rare Pokémon Maternel Kangourex
85%
Supporter Peu Commune - Full Art Dresseur Obscur Koga
85%
Eau Peu Commune Pokémon Cygne Lakmécygne
85%
Eau Rare - Illustration Pokémon Transport Lockhlass
85%
Feu Commune Pokémon Toxilézard Malamandre
85%
Acier Rare Pokémon Ecrou Melmetal
85%
Acier Commune Pokémon Ecrou Meltan
85%
Plante Commune Pokémon Vermine Mimitoss
85%
Supporter Peu Commune - Full Art Dresseur Echange Morgane
85%
Normal Commune Pokémon Mouton Moumouflon
85%
Normal Commune Pokémon Mouton Moumouton
85%
Obscur Rare - Illustration Pokémon Perceur Nidoking
85%
Obscur Rare - Illustration Pokémon Perceur Nidoqueen
85%
Obscur Commune Pokémon Vénépic Nidoran♀
85%
Obscur Commune Pokémon Vénépic Nidoran♂
85%
Obscur Peu Commune Pokémon Vénépic Nidorina
85%
Obscur Peu Commune Pokémon Vénépic Nidorino
85%
Plante Peu Commune - Illustration Pokémon Racine Ortide
85%
Normal Peu Commune Pokémon Echarpe Pashmilla
85%
Normal Commune Pokémon Minoiseau Piafabec
85%
Normal Peu Commune - Illustration Pokémon Virtuel Porygon
85%
Normal Commune Pokémon Bec-Oiseau Rapasdepic
85%
Psy Commune Pokémon Cupidon Rhinolove
85%
Combat Commune Pokémon Souris Sabelette
85%
Combat Peu Commune Pokémon Souris Sablaireau
85%
Acier Commune Pokémon Coupant Scalpion
85%
Acier Peu Commune Pokémon Tranchant Scalproie
85%
Plante Peu Commune - Illustration Pokémon Scarabée Scarabrute
85%
Psy Peu Commune Pokémon Gaz Spectrum
85%
Combat Commune - Illustration Pokémon Taupe Taupiqueur
85%
Combat Peu Commune Pokémon Taupe Triopikeur
85%
Objet Commune Fossile Vieil Ambre
85%
Electric Commune Pokémon Electrosphore Anchwatt
77%
Supporter Peu Commune - Full Art Dresseur Feu Auguste
77%
Eau Peu Commune Pokémon Mite Givre Beldeneige
77%
Eau Peu Commune Pokémon Bivalve Crustabri
77%
Supporter Peu Commune - Full Art Dresseur Plante Erika
77%
Psy Peu Commune Pokémon Golem Ancien Golemastoc
77%
Psy Commune Pokémon Golem Ancien Gringolem
77%
Psy Peu Commune Pokémon Emotion Kirlia
77%
Eau Commune Pokémon Bivalve Kokiyas
77%
Electric Peu Commune Pokémon Electrosphore Lampéroie
77%
Normal Peu Commune Pokémon Oeuf Leveinard
77%
Supporter Peu Commune - Full Art Dresseur Electrique Major Bob
77%
Psy Peu Commune Pokémon Fée Mélodelfe
77%
Psy Commune Pokémon Fée Mélofée
77%
Psy Peu Commune Pokemon Bloqueur M. Mime
77%
Electric Rare Pokémon Electrosphore Ohmassacre
77%
Plante Commune Pokémon Champignon Paras
77%
Plante Peu Commune Pokémon Champignon Parasect
77%
Eau Commune Pokémon Poisson Poissirène
77%
Eau Commune Pokémon Poisson Poissoroy
77%
Combat Commune Pokémon Piquant Rhinocorne
77%
Combat Peu Commune Pokémon Perceur Rhinoféros
77%
Plante Commune Pokémon Vigne Saquedeneu
77%
Psy Commune Pokémon Sentiment Tarsal
77%
Feu Commune Pokémon Toxilézard Tritox
77%
Electric Commune Pokémon Etincélec Zebibron
77%
Electric Peu Commune Pokémon Foudrelec Zeblitz
77%
Plante Commune Pokémon Monture Cabriolaine
69%
Plante Commune Pokemon Monture Chevroum
69%
Eau Peu Commune Pokémon Grincedent Denticrisse
69%
Plante Commune Pokémon Boule Doudouvet
69%
Plante Peu Commune Pokémon Vole Farfaduvet
69%
Objet Commune Fossile Fossile Dôme
69%
Objet Commune Fossile Fossile Nautile
69%
Eau Commune Pokémon Ver Frissonille
69%
Feu Commune Pokémon Calorifère Grillepattes
69%
Eau Peu Commune Pokémon Dragon Hypocean
69%
Eau Commune Pokémon Dragon Hypotrempe
69%
Combat Commune Pokémon Art Martial Kungfouine
69%
Normal Commune Pokémon Minoiseau Roucoul
69%
Feu Peu Commune Pokémon Calorifère Scolocendre
69%
Combat Peu Commune Pokémon Art Martial Shaofouine
69%
Eau Commune Pokémon Mollusque Tentacool
69%
Eau Peu Commune Pokémon Mollusque Tentacruel
69%
Psy Peu Commune Pokémon Symbiose Flagadoss
62%
Electric Commune Pokémon Générateur Galvaran
62%
Electric Commune Pokémon Générateur Iguolta
62%
Plante Commune Pokémon Mante Insecateur
62%
Psy Commune - Illustration Pokémon Cretin Ramoloss
62%
Plante Commune Pokémon Racine Chlorobulle
54%
Eau Commune Pokémon Holothurie Concombaffe
54%
Plante Peu Commune Pokémon Chef-Fleur Fragilady
54%
Combat Peu Commune Pokémon Jujitsu Krakos
46%
Combat Commune Pokémon Caprice Poulpaf
46%
Psy Commune Pokémon Psy Abre
8%
Aucun quiz correspondant
Distribution des résultats
% des personnes avec chaque résultat
Percentile par nombre de réponses
Votre historique - résultats
Vous n’avez pas pris ce quiz